Between Christ and Satan / (Record no. 4448)

MARC details
000 -LEADER
fixed length control field 00536nam a2200205I 4500
001 - CONTROL NUMBER
control field 3134700
003 - CONTROL NUMBER IDENTIFIER
control field OCoLC
005 - DATE AND TIME OF LATEST TRANSACTION
control field 20190124115417.0
008 - FIXED-LENGTH DATA ELEMENTS--GENERAL INFORMATION
fixed length control field 770722s1961 xx 000 0 eng d
035 ## - SYSTEM CONTROL NUMBER
System control number tcgc112526
040 ## - CATALOGING SOURCE
Original cataloging agency CSM
Transcribing agency CSM
Modifying agency m.c.
-- OPT
082 ## - DEWEY DECIMAL CLASSIFICATION NUMBER
Classification number 133
Item number K76B
090 ## - LOCALLY ASSIGNED LC-TYPE CALL NUMBER (OCLC); LOCAL CALL NUMBER (RLIN)
Classification number (OCLC) (R) ; Classification number, CALL (RLIN) (NR) BF1501
Local cutter number (OCLC) ; Book number/undivided call number, CALL (RLIN) .K6
100 1# - MAIN ENTRY--PERSONAL NAME
Personal name Koch, Kurt E.
245 10 - TITLE STATEMENT
Title Between Christ and Satan /
Statement of responsibility, etc. by Kurt E. Koch.
260 ## - PUBLICATION, DISTRIBUTION, ETC.
Place of publication, distribution, etc. Berghausen Bd, Ger. :
Name of publisher, distributor, etc. Evangelization Publishers,
Date of publication, distribution, etc. [1961]
300 ## - PHYSICAL DESCRIPTION
Extent 255p ;
Dimensions 19cm
650 #0 - SUBJECT ADDED ENTRY--TOPICAL TERM
Topical term or geographic name entry element Demonology.
942 ## - ADDED ENTRY ELEMENTS (KOHA)
Source of classification or shelving scheme Dewey Decimal Classification
Koha item type Books
Holdings
Withdrawn status Lost status Source of classification or shelving scheme Damaged status Not for loan Collection code Home library Current library Shelving location Date acquired Cost, normal purchase price Total Checkouts Full call number Barcode Date last seen Price effective from Koha item type
    Dewey Decimal Classification     Non-fiction Harvest Mission College Harvest Mission College General Stacks 05.12.2018 120.00   133 K76B 005087 05.12.2018 05.12.2018 Books

OPAC Designed and Maintained by HMC Library Team.
Copyright © HMC Library,Greater Noida, UP.
For any Suggestions/Query Contact library via Email:libhmc@gmail.com